书目信息 |
| 题名: |
拉丁语汉语词典
|
|
| 作者: | 谢大任 编 | |
| 分册: | ||
| 出版信息: | 北京 商务印书馆 1988.07 |
|
| 页数: | 601页 | |
| 开本: | 26cm | |
| 丛书名: | ||
| 单 册: | ||
| 中图分类: | H771.6 | |
| 科图分类: | ||
| 主题词: | 罗曼语族 | |
| 电子资源: | ||
| ISBN: | 7-100-00377-6 | |
| 000 | 00558nam0 2200205 450 | |
| 001 | 0652818015 | |
| 005 | 20061102144230.48 | |
| 010 | @a7-100-00377-6@dCNY12.45 | |
| 100 | @a20061102d1988 km y0chiy0120 ea | |
| 101 | 0 | @achi |
| 102 | @aCN@b110000 | |
| 102 | @aCN@b110000 | |
| 200 | 1 | @a拉丁语汉语词典@Ala ding yu han yu ci dian@f谢大任编@Fxie da ren bian |
| 210 | @a北京@c商务印书馆@d1988.07 | |
| 215 | @a601页@d26cm | |
| 606 | 0 | @a罗曼语族 |
| 690 | @aH771.6@v3 | |
| 701 | 0 | @a谢大任@Axie da ren@4编 |
| 801 | 0 | @aCN@bPFT@c20061102 |
| 905 | @a10447@dH771.6@e6 | |
| 拉丁语汉语词典/谢大任编.-北京:商务印书馆,1988.07 |
| 601页;26cm |
| ISBN 7-100-00377-6:CNY12.45 |
| ● |
| 相关链接 |
|
|
|
|
正题名:拉丁语汉语词典
索取号:H771.6/6
 
预约/预借
| 序号 | 登录号 | 条形码 | 馆藏地/架位号 | 状态 | 备注 |
| 1 | 0219056 | 001169078 | 第二样本阅览室/ [索取号:H771.6/6] | 在馆 |